Every NFL Team's Best Defensive Player 2022 Season - Statistics

General Stats
  • This quiz has been taken 63 times
  • The average score is 16 of 32
Answer Stats
Hint Answer % Correct
49ers Nick Bosa
93%
Rams Aaron Donald
87%
Cowboys Micah Parsons
76%
Steelers TJ Watt
76%
Browns Myles Garrett
72%
Packers Jaire Alexander
70%
Jets Sauce Gardner
65%
Raiders Max Crosby
63%
Dolphins Xavien Howard
63%
Chargers Derwin James
61%
Lions Aidan Hutchinson
57%
Commanders Jonathan Allen
57%
Cardinals Budda Baker
54%
Broncos Patrick Surtain
52%
Saints Cameron Jordan
50%
Patriots Matthew Judon
50%
Panthers Brian Burns
46%
Colts Darius Leonard
46%
Eagles Hasson Reddick
46%
Bengals Jessie Bates
46%
Seahawks Tariq Woolen
46%
Falcons AJ Terrell
43%
Bills Matt Milano
43%
Ravens Marlon Humphrey
41%
Giants Dexter Lawrence
39%
Titans Kevin Byard
39%
Buccaneers Lavonte David
39%
Vikings Eric Kendricks
37%
Bears Jaylon Johnson
28%
Chiefs Willie Gay
17%
Texans Jalen Pitre
15%
Jaguars Foyesade Oluokun
4%
No matching quizzes found
Score Distribution
Percent of People with Each Score
Percentile by Number Answered
Your Score History
You have not taken this quiz